| 000 | 01228cam a2200241 4500 | ||
|---|---|---|---|
| 001 | X113653 | ||
| 008 | 010712n2001 000 0 eng u | ||
| 035 | _a(Sirsi) u113653 | ||
| 245 | _aHow to challenge an arbitrator's jurisdiction under the English Arbitration Act (Part 1) | ||
| 260 | _c2001 | ||
| 490 |
_aAsian Dispute Resolution _vJune 2001, 10-12(3) |
||
| 520 | _aDescribes two of the options available to a party served with a notice asking them to appoint an arbitrator or risk having the other party's arbitrator made the sole arbitrator where the existence of a contract containing an arbitration clause is in dispute. The arbitral tribunal can be asked to decide itself whether or not it has jurisdiction, although this can prove costly where an appeal is taken to the court, or a request can be made to the HC to decide the issue as a preliminary point. Case law. | ||
| 650 | _aAPPEALS | ||
| 650 | _aARBITRATION ACT 1996 | ||
| 650 | _aARBITRATION ACT 1996 S67 | ||
| 650 | _aARBITRATION ACT 1996 S67 | ||
| 650 | _aARBITRATION ACT 1996 S74 | ||
| 650 | _aCIVIL PROCEDURE RULES | ||
| 650 | _aCIVIL PROCEDURE RULES PART 49 | ||
| 650 | _aJURISDICTION | ||
| 690 |
_aDispute resolution _96236 |
||
| 942 | _n0 | ||
| 999 |
_c67725 _d67725 |
||